LEADER 00739nam a2200205 i 4500 001 000000165272 003 CaOOAMICUS 005 20071012000000.0 008 071012s1947 it u000 u ita u 013 $a142640 040 $aSeMil$bita 100 1 $aSticco, Maria,$d<1891-1981>.$0(OLS)http://semarc/name/16161 245 10$aArte e sincerità /$cMaria Sticco. 250 $a2. edizione riveduta e aumentata. 260 $aMilano :$bVita e Pensiero,$c1947. 300 $a312 p. ;$c20 cm. 850 $aSeMil 852 $aSeMil$W1$xVenegono$y1$m1L VI 5$j116466$B116466$CSeMilBibl$Z2$F127449 $81 996 $6245$aArte e sincerità$9(OLS)http://semarc/title/235909 996 $6260$aMilano :$bVita e Pensiero$9(OLS)http://semarc/publisher/29642 LEADER 00888nam a2200253 i 4500 001 000000086056 003 CaOOAMICUS 005 20250729125131.0 008 180830s1991 xx u000 u und u 013 $a58296 020 $a88-11-66291-5 040 $aSeMil$bita 100 1 $aPotok, Chaim,$d<1929-2002>.$0(OLS)http://semarc/name/30598 245 13$aIl mio nome è Asher Lev. 260 $aMilano :$bGarzanti,$c1991. 300 $a317 p. 490 0 $aNarratori moderni 830 0$aNarratori moderni.$0(OLS)http://semarc/title/7202 850 $aSeMil 852 $aSeMil$W1$xVenegono$y1$m60 38 3 *$j49845$B49845$CSeMilBibl$Z2$F53655 $81 996 $6020$a88-11-66291-5$9(OLS)http://semarc/number/66336 996 $6245$aIl mio nome è Asher Lev$9(OLS)http://semarc/title/132481 996 $6260$aMilano :$bGarzanti$9(OLS)http://semarc/publisher/29852